[Event "BCF-chT 2223 (4NCL)"]
[Site "England"]
[Date "2023.04.29"]
[Round "9.6"]
[White "Putar, Lara"]
[Black "O'Gorman, Alice"]
[Result "1-0"]
[WhiteElo "1858"]
[BlackElo "2001"]
[PlyCount "101"]
[EventDate "2022.10.22"]
[EventType "team-swiss"]
[EventRounds "11"]
[EventCountry "ENG"]
[SourceTitle "EXT 2024"]
[Source "ChessBase"]
[SourceDate "2023.10.10"]
[SourceVersion "1"]
[SourceVersionDate "2023.10.10"]
[SourceQuality "1"]
[WhiteTeam "Gonzaga"]
[BlackTeam "West is Best"]
[WhiteTeamCountry "ENG"]
[BlackTeamCountry "ENG"]

1. d4 d5 2. c4 e6 3. Nf3 c6 4. b3 Bd6 5. e3 Nf6 6. Bd3 dxc4 7. bxc4 c5 8. 0-0 cxd4 9. exd4 0-0 10. Nc3 a6 11. Bg5 Nbd7 12. Qe2 Qc7 13. Ne4 Be7 14. Ne5 Nxe5 15. Bf4 Nxe4 16. Qxe4 f5 17. Qxe5 Qxe5 18. Bxe5 Rd8 19. Rfd1 Bd7 20. Bc7 Rdc8 21. Bb6 Bd8 22. Bxd8 Rxd8 23. a4 g6 24. a5 Rac8 25. Rd2 Be8 26. Be2 Rd6 27. Rb1 Bc6 28. c5 Rd7 29. Bc4 Kf7 30. Re1 Bd5 31. Bxd5 Rxd5 32. Red1 e5 33. dxe5 Rxd2 34. Rxd2 Rxc5 35. f4 Rxa5 36. Rd7+ Kg8 37. Rxb7 g5 38. e6 Kf8 39. fxg5 Re5 40. Rxh7 Rxe6 41. Ra7 Kg8 42. Kf2 Re4 43. Rxa6 Rf4+ 44. Kg1 Rg4 45. Rg6+ Kh7 46. Rh6+ Kg7 47. h4 f4 48. Kf2 Rg3 49. Rf6 Rg4 50. Kf3 Rxh4 51. Rh6 1-0

[Event "BCF-chT 2223 (4NCL)"]
[Site "England"]
[Date "2022.10.23"]
[Round "2.6"]
[White "Haydon, David Leslie"]
[Black "O'Gorman, Alice"]
[Result "1-0"]
[WhiteElo "2262"]
[BlackElo "2001"]
[PlyCount "65"]
[EventDate "2022.10.22"]
[EventType "team-swiss"]
[EventRounds "11"]
[EventCountry "ENG"]
[SourceTitle "CBM 210 Extra"]
[Source "ChessBase"]
[SourceDate "2022.11.30"]
[SourceVersion "1"]
[SourceVersionDate "2022.11.30"]
[SourceQuality "1"]
[WhiteTeam "Wood Green"]
[BlackTeam "West is Best"]
[WhiteTeamCountry "ENG"]
[BlackTeamCountry "ENG"]

1. Nf3 d5 2. e3 c5 3. b3 Nc6 4. Bb2 Nf6 5. Be2 e6 6. 0-0 Be7 7. d4 0-0 8. dxc5 Bxc5 9. c4 dxc4 10. Qc1 Qe7 11. Qxc4 e5 12. Rc1 Bb6 13. Ba3 Qe8 14. Bxf8 Qxf8 15. Nc3 Bf5 16. Bd3 Bxd3 17. Qxd3 Rd8 18. Qf5 Qe7 19. Rd1 g6 20. Rxd8+ Bxd8 21. Qc2 Nb4 22. Qe2 e4 23. Nd4 Bb6 24. Rd1 Nd7 25. a3 Na6 26. b4 Kg7 27. Qb5 Nf6 28. Nd5 Nxd5 29. Qxd5 Bc7 30. Nb5 Bb8 31. Qd7 Qe5 32. Qd4 Qxd4 33. Rxd4 1-0

[Event "BCF-chT 2223 (4NCL)"]
[Site "England"]
[Date "2022.10.22"]
[Round "1.5"]
[White "O'Gorman, Alice"]
[Black "Kelmendi, Bajrush"]
[Result "1-0"]
[WhiteElo "2001"]
[BlackElo "1936"]
[PlyCount "43"]
[EventDate "2022.10.22"]
[EventType "team-swiss"]
[EventRounds "11"]
[EventCountry "ENG"]
[SourceTitle "CBM 210 Extra"]
[Source "ChessBase"]
[SourceDate "2022.11.30"]
[SourceVersion "1"]
[SourceVersionDate "2022.11.30"]
[SourceQuality "1"]
[WhiteTeam "West is Best"]
[BlackTeam "Celtic Tigers"]
[WhiteTeamCountry "ENG"]
[BlackTeamCountry "ENG"]

1. e4 g6 2. d4 Bg7 3. Nc3 b6 4. Be3 Bb7 5. Qd2 h6 6. 0-0-0 e6 7. Nf3 Ne7 8. d5 exd5 9. exd5 Nf5 10. Bf4 g5 11. Re1+ Kf8 12. Be5 Bxe5 13. Rxe5 Nd6 14. h4 Ba6 15. Bxa6 Nxa6 16. hxg5 Nc4 17. Qf4 Nxe5 18. Nxe5 f6 19. Ng6+ Kg7 20. Nxh8 Qe7 21. Rxh6 fxg5 22. Rg6+ 1-0

[Event "Olympiad Women-44"]
[Site "Chennai"]
[Date "2022.08.05"]
[Round "7.2"]
[White "O'Gorman, Alice"]
[Black "Zimina, Olga"]
[Result "1-0"]
[WhiteElo "2043"]
[BlackElo "2340"]
[PlyCount "77"]
[EventDate "2022.07.29"]
[EventType "team-swiss"]
[EventRounds "11"]
[EventCountry "IND"]
[SourceTitle "CBM 210"]
[Source "ChessBase"]
[SourceDate "2022.10.31"]
[SourceVersion "1"]
[SourceVersionDate "2022.10.31"]
[SourceQuality "1"]
[WhiteTeam "Ireland (W)"]
[BlackTeam "Italy (W)"]
[WhiteTeamCountry "IRL"]
[BlackTeamCountry "ITA"]

1. c4 c6 2. Nf3 d5 3. e3 Nf6 4. Nc3 a6 5. Qc2 e6 6. b3 Bd6 7. Bb2 e5 8. d4 e4 9. Ne5 Nbd7 10. Nxd7 Bxd7 11. Be2 0-0 12. Rg1 dxc4 13. Bxc4 b5 14. Be2 Qe7 15. g4 Rfe8 16. 0-0-0 a5 17. g5 Nd5 18. Kb1 a4 19. Bg4 Nb4 20. Qd2 axb3 21. axb3 Ra6 22. d5 c5 23. Qe2 Nd3 24. Bxd7 Nxb2 25. Bxe8 Nxd1 26. Rxd1 Qxe8 27. Qxb5 Qa8 28. Na4 Ra5 29. Qc6 Qd8 30. Qb6 Bc7 31. Qc6 Qb8 32. d6 Rxa4 33. Qxa4 Bxd6 34. Kc2 Bf8 35. Qxe4 Qxh2 36. Qf4 Qh3 37. Rd8 Qe6 38. Qb8 Qe7 39. Re8 1-0

[Event "Trieste op 23rd"]
[Site "Trieste"]
[Date "2021.08.29"]
[Round "3"]
[White "Hrescak, Ivana"]
[Black "O'Gorman, Alice"]
[Result "1/2-1/2"]
[WhiteElo "2142"]
[BlackElo "1926"]
[PlyCount "64"]
[EventDate "2021.08.28"]
[EventType "swiss"]
[EventRounds "9"]
[EventCountry "ITA"]
[SourceTitle "CBM 204 Extra"]
[Source "ChessBase"]
[SourceDate "2021.11.30"]
[SourceVersion "1"]
[SourceVersionDate "2021.11.30"]
[SourceQuality "1"]

1. d4 d5 2. c4 e6 3. Nc3 c6 4. Nf3 dxc4 5. a4 Bb4 6. e3 b5 7. Bd2 a5 8. axb5 Bxc3 9. Bxc3 cxb5 10. b3 Bb7 11. bxc4 b4 12. Bb2 Nf6 13. c5 0-0 14. Bb5 Bc6 15. Ba4 Qc7 16. 0-0 Nbd7 17. Nd2 e5 18. Nc4 exd4 19. exd4 Bd5 20. Ne3 Bc6 21. Nf5 Rfe8 22. Nd6 Re6 23. Bc2 Rxd6 24. cxd6 Qxd6 25. Bc1 Nb6 26. f3 a4 27. Rf2 Rd8 28. Bg5 b3 29. Bxb3 axb3 30. Qxb3 Qxd4 31. Rb1 Nbd7 32. Qb2 Qxb2 1/2-1/2

[Event "IRL-ch 100th"]
[Site "Dublin"]
[Date "2021.07.31"]
[Round "1"]
[White "O'Gorman, Alice"]
[Black "Kanyamarala, Trisha"]
[Result "0-1"]
[WhiteElo "1907"]
[BlackElo "2180"]
[PlyCount "68"]
[EventDate "2021.07.31"]
[EventType "swiss"]
[EventRounds "9"]
[EventCountry "IRL"]
[SourceTitle "CBM 203 Extra"]
[Source "ChessBase"]
[SourceDate "2021.09.30"]
[SourceVersion "1"]
[SourceVersionDate "2021.09.30"]
[SourceQuality "1"]

1. e4 c5 2. c4 d6 3. Nc3 Nc6 4. Nge2 Nf6 5. g3 Ne5 6. Ng1 g6 7. d3 Bg7 8. h3 0-0 9. f4 Nc6 10. Nge2 a6 11. Bg2 Rb8 12. a4 Ne8 13. g4 Nc7 14. f5 b5 15. 0-0 bxc4 16. dxc4 Na5 17. h4 Nxc4 18. b3 Ne5 19. g5 a5 20. Bd2 Ba6 21. Rf2 c4 22. Nf4 cxb3 23. Bf1 Nc4 24. h5 Bd4 25. Be1 e5 26. Nh3 Ne3 27. Qf3 Bxf1 28. Rxf1 Nxf1+ 29. Kxf1 b2 30. Rb1 Rb3 31. Qd3 Qc8 32. hxg6 hxg6 33. fxg6 fxg6+ 34. Nf2 Ne6 0-1

[Event "Women's Day Play Magnus"]
[Site "chess24.com INT"]
[Date "2021.03.07"]
[Round "5.1"]
[White "Nilssen, Ellen Fredericia"]
[Black "O'Gorman, Alice"]
[Result "0-1"]
[WhiteElo "2168"]
[BlackElo "1907"]
[PlyCount "48"]
[EventDate "2021.03.07"]
[EventType "team-tourn (blitz)"]
[EventRounds "7"]
[EventCountry "GER"]
[SourceTitle "CBM 201 Extra"]
[Source "ChessBase"]
[SourceDate "2021.05.31"]
[SourceVersion "1"]
[SourceVersionDate "2021.05.31"]
[SourceQuality "1"]
[WhiteTeam "CoChess #2"]
[BlackTeam "CoChess #1"]
[WhiteTeamCountry "DEN"]
[BlackTeamCountry "RUS"]

1. d4 d5 2. c4 e6 3. Nc3 c6 4. cxd5 exd5 5. Nf3 Nf6 6. Bg5 Be7 7. e3 0-0 8. Bd3 Bg4 9. Qc2 h6 10. Bh4 Nbd7 11. h3 Be6 12. 0-0-0 c5 13. g4 c4 14. Bf5 b5 15. Bxe6 fxe6 16. g5 hxg5 17. Nxg5 b4 18. Ne2 b3 19. axb3 cxb3 20. Qg6 Qa5 21. Nxe6 Rfc8+ 22. Nc5 Nxc5 23. Nc3 Nce4 24. Rd3 Qa1# 0-1

[Event "IRL-ch"]
[Site "Dublin"]
[Date "2020.08.09"]
[Round "9"]
[White "Putar, Lara"]
[Black "O'Gorman, Alice"]
[Result "1-0"]
[WhiteElo "1834"]
[BlackElo "1904"]
[PlyCount "71"]
[EventDate "2020.08.01"]
[EventType "swiss"]
[EventRounds "9"]
[EventCountry "IRL"]
[SourceTitle "CBM 197 Extra"]
[Source "ChessBase"]
[SourceDate "2020.09.30"]
[SourceVersion "1"]
[SourceVersionDate "2020.09.30"]
[SourceQuality "1"]

1. d4 d5 2. c4 e6 3. Nf3 c6 4. g3 dxc4 5. Bg2 b5 6. a4 Bb7 7. Nc3 a6 8. Ne5 Qc8 9. 0-0 Nd7 10. Ne4 Be7 11. Nxd7 Qxd7 12. Nc5 Bxc5 13. dxc5 Qe7 14. Qd6 Qxd6 15. cxd6 Nf6 16. axb5 axb5 17. Rxa8+ Bxa8 18. Be3 Kd7 19. Bc5 Bb7 20. e4 Ra8 21. f4 Ra4 22. e5 Ng8 23. f5 exf5 24. Rxf5 Ra1+ 25. Kf2 Nh6 26. Bh3 Ke8 27. d7+ Kd8 28. Bb6+ Kxd7 29. Rxf7+ Ke8 30. Rxb7 Ra2 31. Bd7+ Ke7 32. Bc5+ Kd8 33. e6 Rxb2+ 34. Kf3 Nf5 35. g4 Ne7 36. Bb6# 1-0

[Event "IRL-ch"]
[Site "Dublin"]
[Date "2020.08.07"]
[Round "7"]
[White "Cafolla, Peter"]
[Black "O'Gorman, Alice"]
[Result "0-1"]
[WhiteElo "1955"]
[BlackElo "1904"]
[PlyCount "68"]
[EventDate "2020.08.01"]
[EventType "swiss"]
[EventRounds "9"]
[EventCountry "IRL"]
[SourceTitle "CBM 197 Extra"]
[Source "ChessBase"]
[SourceDate "2020.09.30"]
[SourceVersion "1"]
[SourceVersionDate "2020.09.30"]
[SourceQuality "1"]

1. d4 d5 2. c4 e6 3. Nc3 c6 4. Nf3 dxc4 5. a4 Bb4 6. e3 b5 7. Be2 Bb7 8. 0-0 a6 9. Bd2 Nf6 10. Ne5 0-0 11. f4 Bxc3 12. bxc3 Nbd7 13. a5 c5 14. Bf3 Qc7 15. Qc2 Bxf3 16. Rxf3 Rfd8 17. Be1 Rab8 18. Bh4 Rdc8 19. f5 Nxe5 20. dxe5 Qxe5 21. Bg3 Qe4 22. Qxe4 Nxe4 23. Bxb8 Rxb8 24. fxe6 fxe6 25. Rd1 Nxc3 26. Rd7 Nd5 27. e4 Nf6 28. Ra7 b4 29. e5 b3 30. exf6 b2 31. Rxg7+ Kf8 32. Rc7 b1Q+ 33. Rf1 Qd3 34. f7 c3 0-1

[Event "Dublin Super Cup U19"]
[Site "Dublin"]
[Date "2018.11.24"]
[Round "5.4"]
[White "Flynn, Jacob"]
[Black "O'Gorman, Alice"]
[Result "1-0"]
[WhiteElo "1983"]
[BlackElo "1868"]
[PlyCount "111"]
[EventDate "2018.10.20"]
[EventType "tourn"]
[EventRounds "7"]
[EventCountry "IRL"]
[SourceTitle "EXT 2023"]
[Source "ChessBase"]
[SourceDate "2022.10.05"]
[SourceVersion "1"]
[SourceVersionDate "2022.10.05"]
[SourceQuality "1"]

1. c4 e5 2. g3 Nf6 3. Bg2 c6 4. d4 Bb4+ 5. Bd2 Bxd2+ 6. Qxd2 d6 7. Nc3 0-0 8. e4 Qb6 9. Nge2 Re8 10. 0-0 Nbd7 11. Rab1 Qd8 12. d5 Nb6 13. dxc6 bxc6 14. b3 Qd7 15. Rbd1 Rd8 16. c5 dxc5 17. Qe3 Qe7 18. Rxd8+ Qxd8 19. Qxc5 Qe8 20. f4 Bb7 21. Qxe5 Qxe5 22. fxe5 Nfd7 23. e6 fxe6 24. Bh3 Re8 25. Nd4 Nf8 26. Kf2 Nbd7 27. Ke3 g6 28. Rd1 Re7 29. Nxe6 Nf6 30. Nc5 Kf7 31. Rd6 Ba8 32. Kd4 Ne8 33. Rd8 Nc7 34. Kc4 Re8 35. Rd1 Nfe6 36. N3a4 Ng5 37. Bg2 Nb5 38. h4 Ne6 39. Bh3 Nbc7 40. Rd7+ Re7 41. Rxe7+ Kxe7 42. Bxe6 Nxe6 43. Nxe6 Kxe6 44. Kd4 h6 45. Nc5+ Kf6 46. g4 a5 47. a4 Kf7 48. Ke5 Ke7 49. g5 h5 50. b4 axb4 51. a5 b3 52. Nxb3 Kd7 53. Kf6 c5 54. Nxc5+ Kd6 55. Ne6 Bxe4 56. Nf4 1-0